000 01378cam a22003617a 4500
003 CHAP
005 20220329140939.0
008 971013s1996 r 00010 d
010 _a60222
011 _a61194
035 _a65358
040 _cCHAP
090 _aTesis
100 0 0 _aGuzmán Alvarado, J. Isabel.
_951915
245 0 _aImplementación y comparación de técnicas serológicas de ELISA-SDA (Enzime-linked immunosorbent assay) y aglutinación de latex para el diagnóstico del virus del moteado del clavel (CarMV), en México
260 _aChapingo, Méx. :
_bEl autor,
_c1996
300 _a43 h.
502 _aTesis (Ing. Agr. Esp. en Parasitología Agrícola) -- UACH. Departamento de Parasitología Agrícola
590 _aALEPH
_b10
_c20130110
_lUCH01
_h1339
590 _aBATCH-UPD
_b10
_c20130110
_lUCH01
_h0812
590 _aBATCH-UPD
_b10
_c20130410
_lUCH01
_h0449
590 _aBATCH-UPD
_b10
_c20130914
_lUCH01
_h0947
590 _aCONVERSION
_b10
_c20130109
_lUCH01
_h1332
650 1 4 _aClavel
_xEnfermedades por virus.
_923704
650 1 4 _aLatex.
_965063
650 1 4 _aSerodiagnóstico.
_9105179
650 1 4 _aVirus moteado del clavel.
_9119972
790 _aTécnica de aglutinación de latex
901 _aBK
942 _cFOLL
949 _bBC
_cTES
_d-145705
_eTS1
_h29097
_i65358
_si
949 _bBC
_cTES
_d33724000177721
_eTS2
_fc.2
_h29098
_i65358
_si
999 _c60222
_d60222